00520nam a2200169 a 4500008004100000020001500041050001700056100002400073245004900097260004400146300002300190350000900213490003500222500001800257650003400275650004100309120416s1983 ||||||||||||||||| || u a0870943677 aRC 480.7 Pas aPascal, Gerald Ross14aThe practical art of diagnostic interviewing aHomewood, Ill. :bDow Jones-Irwinc1983 avii, 124 p. : ill. a0.00 aThe Dorsey professional series aBibliography. aInterviewing in mental health aPsychology, Pathological - Diagnosis